[Event "Oberhausen- Sodingen"]
[Site "?"]
[Date "2023.04.16"]
[Round "7.2"]
[White "Hort, Vlastimil"]
[Black "Waldschmidt, Georg"]
[Result "1/2-1/2"]
[WhiteElo "2326"]
[BlackElo "2191"]
[PlyCount "32"]
[SourceVersionDate "2023.06.22"]

1. d4 d5 2. c4 e6 3. Nc3 Nf6 4. Bg5 Be7 5. e3 h6 6. Bh4 O-O 7. Nf3 b6 8. Bd3
Bb7 9. Qe2 Nbd7 10. O-O c5 11. Rfd1 Ne4 12. Bxe7 Qxe7 13. Rac1 Ndf6 14. cxd5
exd5 15. Ne5 Rac8 16. f3 cxd4 1/2-1/2

[Event "Oberhausen- Sodingen"]
[Site "?"]
[Date "2023.04.16"]
[Round "7.3"]
[White "Werrn, Pascal"]
[Black "Kummerow, Heiko"]
[Result "1-0"]
[WhiteElo "2100"]
[BlackElo "2205"]
[PlyCount "81"]
[SourceVersionDate "2023.06.22"]

1. c4 Nf6 2. Nc3 g6 3. g3 Bg7 4. Bg2 O-O 5. e4 c5 6. Nge2 Nc6 7. O-O a6 8. a3
Rb8 9. Rb1 b5 10. cxb5 axb5 11. b4 c4 12. d3 cxd3 13. Qxd3 d6 14. Nf4 Ng4 15.
Nxb5 Nge5 16. Qe2 Ba6 17. a4 Nd4 18. Qe3 Nc4 19. Qd3 Ne5 20. Qe3 Nc4 21. Qd3
Nxb5 22. Qxc4 Nc3 23. b5 Nxb1 24. bxa6 Nc3 25. Be3 Rc8 26. Qb3 Qa5 27. a7 Qxa4
28. Qxa4 Nxa4 29. Nd5 Rfe8 30. Nb6 Nxb6 31. Bxb6 e6 32. Rb1 Ra8 33. Be3 Bf8 34.
Rb7 Kg7 35. Bf1 Kf6 36. Rc7 Be7 37. Bb5 Rh8 38. Bc6 Raf8 39. Bb6 Rhg8 40. Rb7
Rc8 41. Bc7 1-0

[Event "Oberhausen- Sodingen"]
[Site "?"]
[Date "2023.04.16"]
[Round "7.4"]
[White "Alkhazashvili, Ololi"]
[Black "Banik, Thorsten"]
[Result "1/2-1/2"]
[WhiteElo "2188"]
[BlackElo "2113"]
[PlyCount "24"]
[SourceVersionDate "2023.06.22"]

1. e4 c5 2. c3 Nf6 3. e5 Nd5 4. d4 cxd4 5. Nf3 Nc6 6. cxd4 e6 7. Bc4 Nb6 8. Bd3
d6 9. a3 dxe5 10. dxe5 Nd7 11. Bb5 Qc7 12. O-O Ndxe5 1/2-1/2

[Event "Oberhausen- Sodingen"]
[Site "?"]
[Date "2023.04.16"]
[Round "7.5"]
[White "Mueller, Frank"]
[Black "Ciornei, Dragos"]
[Result "1/2-1/2"]
[WhiteElo "1963"]
[BlackElo "2077"]
[PlyCount "38"]
[SourceVersionDate "2023.06.22"]

1. e4 c5 2. Nc3 g6 3. g3 Bg7 4. Bg2 Nc6 5. d3 d6 6. Be3 e6 7. Qd2 a6 8. Nge2
Nd4 9. Nc1 Ne7 10. Nd1 h5 11. c3 Ndc6 12. f4 Rb8 13. Nf2 Bd7 14. Ne2 b5 15. e5
dxe5 16. fxe5 Nxe5 17. Bxc5 Bc6 18. Bxc6+ N7xc6 19. Qe3 h4 1/2-1/2

[Event "Oberhausen- Sodingen"]
[Site "?"]
[Date "2023.04.16"]
[Round "7.6"]
[White "Nissen, Claus"]
[Black "Hille, Ingo"]
[Result "1/2-1/2"]
[WhiteElo "2135"]
[BlackElo "2078"]
[PlyCount "33"]
[SourceVersionDate "2023.06.22"]

1. c4 e5 2. g3 d6 3. Bg2 Nc6 4. e3 Be6 5. b3 d5 6. d4 Bb4+ 7. Bd2 Bxd2+ 8. Qxd2
exd4 9. exd4 Nf6 10. Nc3 Ne7 11. c5 Qc8 12. Nge2 Bh3 13. Bxh3 Qxh3 14. Nf4 Qf5
15. O-O O-O-O 16. Rfe1 Ng6 17. Qd3 1/2-1/2

[Event "Oberhausen- Sodingen"]
[Site "?"]
[Date "2023.04.16"]
[Round "7.7"]
[White "Foerster, Wolfgang"]
[Black "Voge, Andreas"]
[Result "1/2-1/2"]
[WhiteElo "1980"]
[BlackElo "2054"]
[PlyCount "133"]
[SourceVersionDate "2023.06.22"]

1. e4 c5 2. Nc3 e6 3. g3 Nc6 4. Bg2 Nf6 5. d3 a6 6. a4 Rb8 7. f4 d5 8. e5 Nd7
9. Nf3 b5 10. axb5 axb5 11. O-O Be7 12. Bd2 O-O 13. h4 b4 14. Ne2 f6 15. exf6
Bxf6 16. c3 Qb6 17. Kh2 Ba6 18. Nc1 d4 19. c4 e5 20. Ng5 Ne7 21. Qg4 Bc8 22.
Be4 Bxg5 23. Qxg5 Nf6 24. Kg1 Bf5 25. Bxf5 h6 26. Bh7+ Kxh7 27. Qxe5 Ng6 28.
Qe2 Rbe8 29. Qg2 h5 30. Nb3 Ng4 31. Qd5 Nf6 32. Qf3 Ne7 33. Ra5 Nf5 34. Rxc5
Ng4 35. Re1 Rxe1+ 36. Bxe1 Re8 37. Bd2 Qg6 38. Rc6 Nf6 39. Kh2 Nxg3 40. Nxd4
Nf5 41. Nxf5 Qxf5 42. Rd6 Ng4+ 43. Kg3 Qc5 44. Rd5 Qg1+ 45. Qg2 Qxg2+ 46. Kxg2
Re2+ 47. Kf3 Rxd2 48. Rxh5+ Nh6 49. Ke3 Rxb2 50. Rb5 Ng4+ 51. Kd4 Nf2 52. c5
Rb3 53. Kc4 Rxd3 54. Rxb4 Rd1 55. c6 Nd3 56. Rb7 Nxf4 57. Rf7 Ne6 58. Re7 Rc1+
59. Kd5 Nf4+ 60. Kd6 Rd1+ 61. Kc5 Ng6 62. Re4 Rc1+ 63. Kb6 Kg8 64. h5 Nf8 65.
Re7 Rb1+ 66. Ka6 Ra1+ 67. Kb6 1/2-1/2

[Event "Elberfeld- Langenfeld"]
[Site "?"]
[Date "2023.04.16"]
[Round "7.1"]
[White "Rechmann, Peter"]
[Black "Dresen, Ulrich"]
[Result "1/2-1/2"]
[WhiteElo "2275"]
[BlackElo "2177"]
[PlyCount "24"]
[SourceVersionDate "2023.06.22"]

1. c4 e6 2. Nf3 d5 3. g3 Nf6 4. Bg2 Be7 5. O-O O-O 6. d4 c6 7. Nbd2 b6 8. b3
Bb7 9. Bb2 Nbd7 10. Qc2 c5 11. cxd5 Nxd5 12. Rac1 Rc8 1/2-1/2

[Event "Elberfeld- Langenfeld"]
[Site "?"]
[Date "2023.04.16"]
[Round "7.2"]
[White "Hintze, Helge"]
[Black "Vogelmann, Peter"]
[Result "1-0"]
[WhiteElo "2248"]
[BlackElo "2164"]
[PlyCount "65"]
[SourceVersionDate "2023.06.22"]

1. c4 Nf6 2. Nf3 c5 3. Nc3 Nc6 4. g3 g6 5. Bg2 Bg7 6. d4 cxd4 7. Nxd4 Nxd4 8.
Qxd4 d6 9. O-O O-O 10. Qd3 a6 11. Bd2 Qc7 12. Rac1 Be6 13. b3 Rac8 14. h3 Rfd8
15. e4 Nd7 16. Qe2 Re8 17. f4 f6 18. Kh2 Bf7 19. Nd5 Qd8 20. Rfd1 Bxd5 21. cxd5
Nc5 22. h4 Qb6 23. Bh3 Ra8 24. Rc4 a5 25. h5 gxh5 26. Be3 Qb5 27. Bxc5 dxc5 28.
Qxh5 a4 29. Be6+ Kh8 30. Bf5 h6 31. Qg6 Kg8 32. Qh7+ Kf8 33. Be6 1-0

[Event "Elberfeld- Langenfeld"]
[Site "?"]
[Date "2023.04.16"]
[Round "7.3"]
[White "Kurr, Gerd"]
[Black "Reinemer, Frank"]
[Result "1/2-1/2"]
[WhiteElo "2211"]
[BlackElo "2096"]
[PlyCount "166"]
[SourceVersionDate "2023.06.22"]

1. d4 d5 2. c4 e6 3. Nc3 Nf6 4. Bg5 Be7 5. Qc2 O-O 6. e3 h6 7. Bxf6 Bxf6 8. Nf3
c6 9. h4 Nd7 10. g4 g6 11. g5 hxg5 12. hxg5 Bg7 13. cxd5 exd5 14. Bd3 Re8 15.
O-O-O Nf8 16. Rh4 b5 17. Rdh1 b4 18. Na4 a5 19. Nc5 a4 20. Qd1 a3 21. b3 Ra5
22. R1h2 f5 23. gxf6 Qxf6 24. Rf4 Rxc5+ 25. Kd2 Qd6 26. dxc5 Bc3+ 27. Kc1 Qxc5
28. Kb1 Bg7 29. Qc2 Qd6 30. Rg2 Re6 31. Nd4 Qxf4 32. Nxe6 Qh6 33. Nf4 g5 34.
Ne2 Bd7 35. Bf5 Qf6 36. Nd4 c5 37. Bxd7 Nxd7 38. Qf5 cxd4 39. Qxd7 dxe3 40.
Qxd5+ Kf8 41. fxe3 Qa1+ 42. Kc2 Bf6 43. Kd3 Qf1+ 44. Re2 Bc3 45. Qc5+ Kf7 46.
Qc4+ Kg7 47. Ke4 Qb1+ 48. Kd5 Qf5+ 49. Kc6 Qc8+ 50. Kd6 Qd8+ 51. Ke6 Qf6+ 52.
Kd7 Qf5+ 53. Kc7 Be5+ 54. Kb6 Bc3 55. Qc7+ Kg6 56. Rh2 Bg7 57. Qc6+ Kf7 58. Rd2
Bf8 59. Rd7+ Be7 60. Qc4+ Qe6+ 61. Kb5 g4 62. Rd4 Qxc4+ 63. Kxc4 g3 64. Rg4 Bd6
65. Kd5 Bb8 66. Kc5 Ke6 67. Kxb4 Bd6+ 68. Kc4 Kf5 69. Rg8 Ke4 70. Rg6 Be5 71.
b4 Kxe3 72. Kb3 Kf3 73. Kxa3 g2 74. Rxg2 Kxg2 75. Ka4 Kf3 76. Kb5 Ke4 77. Kc6
Kd4 78. a4 Kc4 79. b5 Kb4 80. Kd5 Kxa4 81. b6 Kb5 82. b7 Kb6 83. Kxe5 Kxb7
1/2-1/2

[Event "Elberfeld- Langenfeld"]
[Site "?"]
[Date "2023.04.16"]
[Round "7.4"]
[White "Noetzel, Frank"]
[Black "Pejkovic, Patrick"]
[Result "0-1"]
[WhiteElo "2232"]
[BlackElo "2101"]
[Annotator "daniel"]
[PlyCount "120"]
[SourceVersionDate "2023.06.22"]

1. f4 d5 2. d3 Nf6 3. Nf3 c5 4. g3 Nc6 5. Bg2 e6 6. O-O Be7 7. Nc3 O-O 8. e4
dxe4 9. dxe4 Qxd1 10. Rxd1 Nb4 11. Ne1 c4 12. Bf3 Bc5+ 13. Kg2 Nc6 14. e5 Nd5
15. Nxd5 exd5 16. Rxd5 Bb6 17. c3 Be6 18. Rd2 Rfd8 19. Re2 Rd1 20. g4 Rad8 21.
f5 Bd5 22. Bxd5 R8xd5 23. Nf3 Bc7 24. e6 fxe6 25. fxe6 Bd6 26. b4 b5 27. Bb2
Rxa1 28. Bxa1 Be7 29. a4 a6 30. axb5 axb5 31. Ra2 g6 32. Ra6 Rd6 33. Rb6 Rxe6
34. Rxb5 Re2+ 35. Kf1 Ra2 36. Rb7 Rxa1+ 37. Ke2 Kf8 38. Rc7 Nd8 39. Rxc4 Ne6
40. Re4 Nc7 41. Rc4 Nd5 42. Rc8+ Kg7 43. b5 Ra3 44. c4 Nf4+ 45. Kf2 Rb3 46. Rc7
Kf8 47. Rc8+ Kf7 48. Rc7 Ke8 49. Rc6 Nd3+ 50. Ke2 Nf4+ 51. Kf2 Kd8 52. h4 Nd3+
53. Ke2 Nb4 54. Re6 Kd7 55. Re4 Bd6 56. Rd4 Kc7 57. Ng5 Be5 58. Ne6+ Kb6 59.
Rd7 h5 60. gxh5 gxh5 {ZÜ} 0-1

[Event "Elberfeld- Langenfeld"]
[Site "?"]
[Date "2023.04.16"]
[Round "7.5"]
[White "Weisshaupt, Rainer"]
[Black "Tymura, Achim"]
[Result "0-1"]
[WhiteElo "2070"]
[BlackElo "2042"]
[PlyCount "49"]
[SourceVersionDate "2023.06.22"]

1. e4 c5 2. Nf3 Nc6 3. Na3 e6 4. Bb5 Qc7 5. O-O Nge7 6. Re1 a6 7. Bxc6 Nxc6 8.
c3 Be7 9. d4 d6 10. d5 Nd8 11. Nc4 e5 12. a4 f6 13. a5 Bg4 14. h3 Bxf3 15. Qxf3
Nf7 16. Bd2 O-O 17. Qg4 Rae8 18. h4 Bd8 19. Re3 Nh6 20. Qh5 f5 21. Rh3 f4 22.
g4 Qd7 23. g5 Qxh3 24. gxh6 Bxh4 25. hxg7 0-1

[Event "Elberfeld- Langenfeld"]
[Site "?"]
[Date "2023.04.16"]
[Round "7.6"]
[White "Fuchs, Thomas"]
[Black "Wolfradt, Dirk"]
[Result "1/2-1/2"]
[WhiteElo "2060"]
[BlackElo "2114"]
[PlyCount "32"]
[SourceVersionDate "2023.06.22"]

1. d4 Nf6 2. Nf3 e6 3. Bf4 d5 4. e3 Bd6 5. Bg3 Ne4 6. Nbd2 Nxg3 7. hxg3 c5 8.
c4 cxd4 9. Nxd4 dxc4 10. Bxc4 a6 11. Qh5 Qe7 12. a3 Bd7 13. Ne4 Nc6 14. Nxd6+
Qxd6 15. Rd1 Qe5 16. Qxe5 Nxe5 1/2-1/2

[Event "Elberfeld- Langenfeld"]
[Site "?"]
[Date "2023.04.16"]
[Round "7.7"]
[White "Reuter, Michael"]
[Black "Arold, Gerhard"]
[Result "1/2-1/2"]
[WhiteElo "2044"]
[BlackElo "2101"]
[PlyCount "74"]
[SourceVersionDate "2023.06.22"]

1. d4 Nf6 2. Nf3 d5 3. e3 g6 4. Bd3 Bg7 5. Nbd2 c5 6. c3 cxd4 7. exd4 b6 8. Ne5
Bb7 9. Ndf3 Nbd7 10. Nxd7 Nxd7 11. O-O O-O 12. Re1 e6 13. Bf4 Qc8 14. Qd2 a6
15. Bh6 Bc6 16. h4 Re8 17. Bxg7 Kxg7 18. h5 Qc7 19. Rac1 Bb7 20. Bb1 Nf6 21.
hxg6 hxg6 22. Ne5 Nd7 23. Qf4 Nxe5 24. dxe5 Qe7 25. Re3 Rh8 26. Rh3 Rxh3 27.
gxh3 Rh8 28. Qg3 Rh5 29. Kh2 Qc5 30. Rg1 Rh6 31. Qf4 Qe7 32. Bd3 Qh4 33. Qxh4
Rxh4 34. Rg4 Rxg4 35. hxg4 f6 36. f4 fxe5 37. fxe5 Kh6 1/2-1/2

[Event "Elberfeld- Langenfeld"]
[Site "?"]
[Date "2023.04.16"]
[Round "7.8"]
[White "Podder, Michael"]
[Black "Hess, Christian"]
[Result "0-1"]
[WhiteElo "1907"]
[BlackElo "2147"]
[Annotator "daniel"]
[PlyCount "64"]
[SourceVersionDate "2023.06.22"]

1. e4 c5 2. Nf3 Nc6 3. d4 cxd4 4. Nxd4 e6 5. g3 a6 6. Bg2 Qc7 7. Be3 Nf6 8. O-O
h5 9. h3 g6 10. c4 Bg7 11. Nc3 Ne5 $11 12. b3 d6 13. Qd2 O-O 14. Rad1 Re8 15.
f4 Ned7 16. f5 Ne5 17. Bg5 Nh7 18. Be3 Bd7 19. Nce2 b5 20. cxb5 axb5 21. Nf4
Nf6 22. Rf2 Rac8 23. Nfe2 Qb7 24. Bf4 Nxe4 25. fxg6 fxg6 26. Qb4 d5 27. Bxe4
dxe4 28. Rff1 Nd3 29. Qd2 e5 30. Kh2 exd4 31. Bh6 Bf5 32. g4 e3 0-1

[Event "Porz 2- Godesberg"]
[Site "?"]
[Date "2023.04.16"]
[Round "7.1"]
[White "Wigger, Jochen"]
[Black "Malykin, Vitaly"]
[Result "1/2-1/2"]
[WhiteElo "2324"]
[BlackElo "2332"]
[PlyCount "34"]
[SourceVersionDate "2023.06.22"]

1. Nf3 d5 2. g3 Nf6 3. Bg2 Nbd7 4. d4 b5 5. a4 b4 6. c4 bxc3 7. bxc3 e6 8. O-O
Bd6 9. Nbd2 c5 10. Re1 Be7 11. e4 Nxe4 12. Nxe4 dxe4 13. Nd2 cxd4 14. cxd4 O-O
15. Nxe4 Bb7 16. Bf4 Bd5 17. Qd3 Nf6 1/2-1/2

[Event "Porz 2- Godesberg"]
[Site "?"]
[Date "2023.04.16"]
[Round "7.2"]
[White "Gallasch, Jonas"]
[Black "Koehler, Christian"]
[Result "1/2-1/2"]
[WhiteElo "2301"]
[BlackElo "2194"]
[Annotator "daniel"]
[PlyCount "130"]
[SourceVersionDate "2023.06.22"]

1. d4 d5 2. c4 c6 3. Nf3 Nf6 4. e3 Bf5 5. Nc3 a6 6. Bd2 e6 7. Nh4 Be4 8. f3 Bg6
9. cxd5 cxd5 10. Qb3 Ra7 11. Nxg6 hxg6 12. O-O-O Be7 13. Bd3 Nc6 14. Kb1 O-O
15. Ne2 b5 16. h4 Na5 17. Bxa5 Qxa5 18. g4 Rc8 19. g5 Nh5 20. e4 dxe4 21. fxe4
Qb4 22. Qxb4 Bxb4 23. e5 Rd7 24. Rh3 Ba5 25. Be4 Bb6 26. Rhd3 Kf8 27. a3 Ke7
28. b3 Rh8 29. Rf1 Rdd8 30. Kc2 Rhg8 31. Kd2 Rh8 32. Rc1 Rc8 33. Rxc8 Rxc8 34.
Bb7 Rc7 35. Bxa6 Ra7 36. Bxb5 Rxa3 37. Ke3 Ba5 38. Kf2 Ra1 39. Rh3 Bd2 40. Bc6
Rd1 41. Rh1 Rxh1 42. Bxh1 f6 43. gxf6+ gxf6 44. exf6+ Kxf6 45. Be4 Ng7 46. Ng1
Ne8 47. Nf3 Bc3 48. Ke3 Nd6 49. Bb1 Nf7 50. Kd3 Bb2 51. Kc4 e5 52. Kd5 exd4 53.
Nxd4 g5 54. hxg5+ Nxg5 55. Nc6 Ba3 56. b4 Bxb4 57. Nxb4 Ne6 58. Kd6 Ng7 59.
Nd5+ Kf7 60. Ke5 Ne8 61. Bf5 Ng7 62. Bd7 Nh5 63. Be6+ Kg6 64. Ne3 Ng7 65. Bd7
Kf7 {Remis nach weiteren 42 Zügen!} 1/2-1/2

[Event "Porz 2- Godesberg"]
[Site "?"]
[Date "2023.04.16"]
[Round "7.3"]
[White "Seger, Ruediger"]
[Black "Sabirov, Ramil"]
[Result "1-0"]
[WhiteElo "2263"]
[BlackElo "2109"]
[PlyCount "59"]
[SourceVersionDate "2023.06.22"]

1. e4 c5 2. c3 Nf6 3. e5 Nd5 4. d4 cxd4 5. Nf3 e6 6. cxd4 d6 7. Bc4 Nb6 8. Bd3
Nc6 9. O-O Nb4 10. Be2 dxe5 11. Nxe5 Bd7 12. Nc3 N6d5 13. Bf3 Be7 14. Qb3 Bc6
15. Nxc6 bxc6 16. a3 Na6 17. Nxd5 exd5 18. Qa4 Nb8 19. Be3 O-O 20. Rac1 Bd6 21.
Rc3 a6 22. b4 Ra7 23. Qc2 Rd7 24. Qd2 Qf6 25. Bd1 a5 26. bxa5 Ra7 27. Bg5 Qf5
28. Bc2 Qd7 29. Rh3 g6 30. Bf6 1-0

[Event "Porz 2- Godesberg"]
[Site "?"]
[Date "2023.04.16"]
[Round "7.4"]
[White "Gluma, Christian"]
[Black "Dahm, Jochen"]
[Result "1-0"]
[WhiteElo "2161"]
[BlackElo "2245"]
[Annotator "daniel"]
[PlyCount "77"]
[SourceVersionDate "2023.06.22"]

1. e4 e5 2. Nf3 Nc6 3. Bc4 Nf6 4. d3 d6 5. a4 Be7 6. c3 O-O 7. Nbd2 Kh8 8. Ng5
Qe8 9. h4 Nd8 10. Qb3 c6 11. Nf1 b5 12. axb5 d5 13. exd5 cxd5 14. Bxd5 Nxd5 15.
Qxd5 Bb7 16. Qb3 Qd7 17. c4 Bxg2 18. Rg1 Bxg5 $11 19. hxg5 Bxf1 20. Rxf1 Ne6
21. Be3 Rfe8 22. O-O-O a6 23. bxa6 Reb8 24. Qa3 Nd4 25. Bxd4 Qxd4 26. Kc2 Rxa6
27. Qc3 Qc5 28. Rd2 Ra2 29. Rb1 Qc6 30. Re2 f6 31. gxf6 gxf6 32. Rxe5 Qa4+ 33.
Kd2 Rb3 34. Re8+ Kg7 35. Rg1+ Kf7 36. Rf8+ Kxf8 37. Qxf6+ Ke8 38. Re1+ Kd7 39.
Re7+ 1-0

[Event "Porz 2- Godesberg"]
[Site "?"]
[Date "2023.04.16"]
[Round "7.5"]
[White "Rybarczyk, Klaus"]
[Black "Gallasch, Robin"]
[Result "0-1"]
[WhiteElo "2160"]
[BlackElo "2021"]
[PlyCount "242"]
[SourceVersionDate "2023.06.22"]

1. Nf3 d5 2. c4 d4 3. b4 g5 4. h3 h6 5. d3 Bg7 6. g3 e5 7. Nbd2 Ne7 8. Bg2 O-O
9. O-O c6 10. a4 a5 11. Ba3 axb4 12. Bxb4 Na6 13. Ba3 Re8 14. Ne4 Qc7 15. Nd6
Rd8 16. Nxc8 Raxc8 17. Qb3 f5 18. Nd2 Rb8 19. Rab1 Kh7 20. Qb6 Qd7 21. Rb3 Nc8
22. Qa5 Nc7 23. Nb1 b6 24. Qd2 Ra8 25. a5 Rxa5 26. c5 Rb5 27. Rxb5 Nxb5 28.
cxb6 Nxa3 29. Nxa3 Nxb6 30. Qa5 Nd5 31. Ra1 Bf8 32. Nc4 Bg7 33. Qc5 Rb8 34. Ra6
Rb5 35. Qxc6 Qxc6 36. Rxc6 Nc3 37. Bf3 g4 38. hxg4 e4 39. dxe4 fxe4 40. Bg2
Nxe2+ 41. Kh2 Nc3 42. Nd6 Re5 43. Bf1 Nd1 44. f3 Ne3 45. Ba6 exf3 46. Kh3 f2
47. Nf5 h5 48. Nxe3 dxe3 49. Bd3+ Kg8 50. Bc4+ Kf8 51. Rc8+ Ke7 52. Rc7+ Kf6
53. Rf7+ Kg6 54. gxh5+ Rxh5+ 55. Kg2 Re5 56. Rf3 e2 57. Bxe2 Rxe2 58. Rxf2 Re1
59. Rf1 Re6 60. Rf3 Kg5 61. Rb3 Re4 62. Kf3 Rc4 63. Rd3 Be5 64. Rb3 Rg4 65. Kg2
Kf5 66. Ra3 Rg8 67. Re3 Ke6 68. Rd3 Rg7 69. Ra3 Kd5 70. Rd3+ Ke4 71. Ra3 Bd4
72. Ra4 Rb7 73. Ra2 Rb1 74. Re2+ Be3 75. Ra2 Rg1+ 76. Kh2 Kf3 77. Rb2 Rxg3 78.
Kh1 Rg1+ 79. Kh2 Rg8 80. Kh1 Rh8+ 81. Rh2 Ra8 82. Rh3+ Kf2 83. Rh2+ Kg3 84.
Rg2+ Kf3 85. Rg3+ Kf4 86. Rh3 Ra1+ 87. Kg2 Rg1+ 88. Kh2 Rg8 89. Rh7 Kf3 90.
Rh3+ Kf2 91. Rh7 Bf4+ 92. Kh3 Kf3 93. Kh4 Rg1 94. Kh5 Ke4 95. Re7+ Be5 96. Rf7
Kd5 97. Kh4 Ke4 98. Rf8 Bf4 99. Ra8 Kf3 100. Ra3+ Be3 101. Kh5 Rg5+ 102. Kh4
Rb5 103. Rd3 Kf4 104. Kh3 Rb2 105. Ra3 Rc2 106. Ra8 Kf3 107. Rg8 Bf4 108. Rg3+
Ke4 109. Rg2 Rc3+ 110. Kg4 Rc8 111. Re2+ Be3 112. Ra2 Rg8+ 113. Kh5 Rg5+ 114.
Kh4 Rb5 115. Kg3 Rb1 116. Ra4+ Bd4 117. Kg2 Rg1+ 118. Kh2 Rg8 119. Kh1 Ke3 120.
Ra2 Kf3 121. Rh2 Rg1# 0-1

[Event "Porz 2- Godesberg"]
[Site "?"]
[Date "2023.04.16"]
[Round "7.6"]
[White "Sabirov, Rafael"]
[Black "Schulte- Geers, Niklas"]
[Result "1/2-1/2"]
[WhiteElo "2077"]
[BlackElo "2177"]
[PlyCount "59"]
[SourceVersionDate "2023.06.22"]

1. e4 c6 2. d4 d5 3. f3 Qb6 4. Nc3 e5 5. dxe5 Bc5 6. Na4 Bf2+ 7. Ke2 Qd4 8.
Qxd4 Bxd4 9. f4 dxe4 10. Be3 Bxe3 11. Kxe3 f5 12. c4 Na6 13. Rd1 Nh6 14. Be2
Be6 15. Nh3 Nf7 16. a3 Ke7 17. g4 g6 18. Rhg1 b6 19. gxf5 gxf5 20. Rg7 Rag8 21.
Rdg1 Kf8 22. R7g3 Nc7 23. Nc3 Rg6 24. Nf2 Rhg8 25. b4 Ke7 26. Nfd1 Rh8 27. Nb2
Rh6 28. R1g2 Rh4 29. Rf2 Rd8 30. Bd1 1/2-1/2

[Event "Porz 2- Godesberg"]
[Site "?"]
[Date "2023.04.16"]
[Round "7.8"]
[White "Spindler, Florian"]
[Black "Kutzner, Stephen"]
[Result "1-0"]
[WhiteElo "1953"]
[BlackElo "2059"]
[PlyCount "101"]
[SourceVersionDate "2023.06.22"]

1. e4 c5 2. Nf3 Nc6 3. d4 cxd4 4. Nxd4 Nf6 5. Nc3 e5 6. Ndb5 d6 7. Nd5 Nxd5 8.
exd5 Nb8 9. c4 Be7 10. Bd3 O-O 11. O-O f5 12. c5 a6 13. cxd6 Bxd6 14. Nxd6 Qxd6
15. Qe2 Nd7 16. Rd1 Nf6 17. Bg5 Bd7 18. Rac1 Rae8 19. Qc2 Rc8 20. Qb3 b5 21.
Bxf6 Qxf6 22. d6+ Qe6 23. Qa3 e4 24. Bc2 Kh8 25. Bb3 Qe5 26. Rxc8 Rxc8 27. Qxa6
f4 28. Qb7 Qf5 29. Qd5 Qg6 30. Qe5 f3 31. g3 Re8 32. Qf4 Qh5 33. h4 e3 34. fxe3
h6 35. Kf2 Qc5 36. Qxf3 Qc8 37. Rd4 Bc6 38. Bd5 Bxd5 39. Qxd5 Qc2+ 40. Kf3 Qc1
41. Rd2 Qh1+ 42. Kf4 g5+ 43. hxg5 hxg5+ 44. Kxg5 Qh3 45. Qd4+ Kg8 46. Qg4 Qh7
47. Rd5 Rf8 48. Rf5 Rc8 49. Kf4+ Kh8 50. Rh5 Rc4+ 51. Kf3 1-0

[Event "Brackel 2- Bünde"]
[Site "?"]
[Date "2023.04.16"]
[Round "7.1"]
[White "Pieper- Emden, Carsten"]
[Black "Stemmler, Fabian"]
[Result "1/2-1/2"]
[WhiteElo "2247"]
[BlackElo "2100"]
[PlyCount "38"]
[SourceVersionDate "2023.06.22"]

1. d4 d5 2. c4 c6 3. cxd5 cxd5 4. Nc3 Nf6 5. Nf3 Nc6 6. Bf4 a6 7. e3 Bf5 8. Be2
e6 9. O-O Bd6 10. Bxd6 Qxd6 11. Rc1 O-O 12. Na4 Nd7 13. Qd2 Rac8 14. Nh4 Be4
15. f3 Bg6 16. Nxg6 hxg6 17. f4 Rc7 18. Rc2 Rfc8 19. Rfc1 Ne7 1/2-1/2

[Event "Brackel 2- Bünde"]
[Site "?"]
[Date "2023.04.16"]
[Round "7.2"]
[White "Garbuz, Vitaliy"]
[Black "Brunke, Pascal"]
[Result "1-0"]
[WhiteElo "2155"]
[BlackElo "2157"]
[PlyCount "79"]
[SourceVersionDate "2023.06.22"]

1. e4 e6 2. d4 d5 3. Nd2 c5 4. exd5 Qxd5 5. Ngf3 cxd4 6. Bc4 Qd6 7. O-O Nf6 8.
Nb3 Nc6 9. Nbxd4 Nxd4 10. Nxd4 Be7 11. c3 O-O 12. Qf3 Qc7 13. Bb3 a5 14. a4 Bd7
15. Re1 Bc6 16. Qh3 Be4 17. Bg5 Bg6 18. Qf3 Rfd8 19. Nb5 Qb6 20. Be3 Bc5 21.
Bxc5 Qxc5 22. Qxb7 Rab8 23. Qf3 Rd2 24. Qf4 Rbd8 25. Rad1 Ne4 26. Rxd2 Rxd2 27.
Rxe4 Rxb2 28. Rd4 h5 29. Bd1 Kh7 30. Qf3 e5 31. Rd5 Qc4 32. Rxe5 Rb1 33. Re1
Qxa4 34. Nd4 Qa1 35. g4 h4 36. g5 a4 37. Qg4 Rb8 38. Nc6 f5 39. Qxh4+ Kg8 40.
Bb3+ 1-0

[Event "Brackel 2- Bünde"]
[Site "?"]
[Date "2023.04.16"]
[Round "7.3"]
[White "Kettler, Ilija"]
[Black "Gerlach, Felix"]
[Result "1/2-1/2"]
[WhiteElo "2114"]
[BlackElo "2078"]
[PlyCount "57"]
[SourceVersionDate "2023.06.22"]

1. d4 Nf6 2. c4 c5 3. d5 e6 4. Nc3 exd5 5. cxd5 d6 6. Nf3 g6 7. Bf4 Bg7 8. h3
b5 9. Nxb5 Qa5+ 10. Nc3 Ne4 11. Nd2 Nxc3 12. bxc3 Bxc3 13. Rc1 O-O 14. e4 Re8
15. Bd3 c4 16. Bb1 Bb2 17. Rxc4 Ba6 18. O-O Nd7 19. Ra4 Qb5 20. Nc4 Nc5 21.
Rxa6 Qxc4 22. Rc6 Be5 23. Bxe5 Rxe5 24. Rxd6 Nxe4 25. Rc6 Qb4 26. Qc2 Nd2 27.
a3 Qd4 28. Rc1 Rxd5 29. Qc3 1/2-1/2

[Event "Brackel 2- Bünde"]
[Site "?"]
[Date "2023.04.16"]
[Round "7.4"]
[White "Kartsev, Nikolay"]
[Black "Brunke, Christian"]
[Result "0-1"]
[WhiteElo "2074"]
[BlackElo "2184"]
[PlyCount "136"]
[SourceVersionDate "2023.06.22"]

1. e4 e5 2. Nf3 d6 3. d4 exd4 4. Qxd4 Nf6 5. Bg5 Be7 6. Bb5+ c6 7. Be2 O-O 8.
c4 Nxe4 9. Qxe4 Bxg5 10. Nxg5 Qxg5 11. Nc3 Bf5 12. Qd4 Na6 13. h4 Qh6 14. g4
Nb4 15. Kf1 Bc2 16. Rh3 Rfe8 17. g5 Qg6 18. Rc1 Be4 19. a3 c5 20. Qd2 Nc6 21.
Nb5 Rad8 22. Bg4 f5 23. h5 Qf7 24. Be2 a6 25. Nc3 Nd4 26. Bd1 Qxc4+ 27. Ne2 Qb5
28. a4 Qd7 29. Nxd4 cxd4 30. Qxd4 Bc6 31. h6 Qe7 32. Bb3+ d5 33. g6 hxg6 34.
Re3 Qf7 35. h7+ Kxh7 36. Qh4+ Kg8 37. Rg3 Qe7 38. Qd4 Qe4 39. Qc3 Re6 40. Kg1
Qe5 41. Qa5 Qf6 42. Rd1 Red6 43. Qd2 Kf7 44. Qb4 Qe7 45. Qa5 Qh4 46. Rgd3 Qg4+
47. Rg3 Qe4 48. Re3 Qf4 49. Qc7+ R8d7 50. Qb8 Qg5+ 51. Kf1 Rd8 52. Qc7+ R6d7
53. Rxd5 Bxd5 54. Bxd5+ Kf8 55. Qc5+ Re7 56. Bb3 Qh4 57. Rxe7 Qxe7 58. Qc4 Ke8
59. a5 Qf6 60. Ba4+ Kf8 61. Bb3 Rd7 62. Qc5+ Qd6 63. Qc8+ Ke7 64. Qg8 Kf6 65.
Ba4 Rc7 66. Qe8 Rc1+ 67. Kg2 Qd5+ 68. f3 Qd2+ 0-1

[Event "Brackel 2- Bünde"]
[Site "?"]
[Date "2023.04.16"]
[Round "7.5"]
[White "Fuhlrott, Tim"]
[Black "Seref, Erdogan"]
[Result "1-0"]
[WhiteElo "2015"]
[BlackElo "1947"]
[PlyCount "55"]
[SourceVersionDate "2023.06.22"]

1. c4 e5 2. Nc3 Nf6 3. g3 d5 4. cxd5 Nxd5 5. Bg2 Nb6 6. Nf3 Nc6 7. O-O Be7 8.
Rb1 O-O 9. b4 Bf5 10. b5 Nd4 11. d3 Nxf3+ 12. Bxf3 Rb8 13. Be3 Bg5 14. Bxg5
Qxg5 15. Qc1 Qxc1 16. Rfxc1 Be6 17. a4 f5 18. a5 e4 19. dxe4 Nc4 20. exf5 Rxf5
21. Ne4 Re5 22. Rb4 Nxa5 23. Rxc7 Rd8 24. Kg2 Bd5 25. Ra4 Nb3 26. Nc3 Bxf3+ 27.
exf3 Rd2 28. Rxa7 1-0

[Event "Brackel 2- Bünde"]
[Site "?"]
[Date "2023.04.16"]
[Round "7.6"]
[White "Slanina, Aaron"]
[Black "Moradi Kahlou, Benjamin"]
[Result "1-0"]
[WhiteElo "1914"]
[BlackElo "2082"]
[Annotator "daniel"]
[PlyCount "99"]
[SourceVersionDate "2023.06.22"]

1. e4 c6 2. d4 d5 3. Nd2 dxe4 4. Nxe4 Nf6 5. Nxf6+ exf6 6. Bc4 Bd6 7. Be3 O-O
8. Ne2 Re8 9. O-O Qc7 10. h3 Nd7 11. Nc3 Nf8 12. Re1 Bd7 13. Qh5 Ng6 14. Re2
Rad8 15. Rae1 Bc8 16. Bd3 Bb4 17. a3 Bxc3 18. bxc3 Nf8 19. c4 Be6 20. c3 b5 21.
cxb5 cxb5 22. Bd2 a6 23. Re3 Bd7 24. Re7 g6 25. Qf3 Rxe7 26. Rxe7 Qd6 27. Re2
Bc6 28. Qf4 Qxf4 29. Bxf4 Ne6 30. Be3 Bd5 31. Rb2 Rc8 32. Bd2 Bc4 33. Be4 Rc7
34. g4 Re7 35. Bg2 Nc7 36. h4 Ne8 37. Be3 Nd6 $11 38. Bc6 Ne4 39. d5 Kg7 40.
Bd4 Nd6 41. g5 Re4 42. Bxf6+ Kf8 43. a4 Rg4+ 44. Kh2 Nf5 45. axb5 axb5 46. f3
Rxh4+ 47. Kg1 Nd6 48. Rb1 Ba2 49. Re1 Rh5 50. Ra1 1-0